Pregunta y verdad / (Record no. 70482)

MARC details
000 -LEADER
campo de control de longitud fija 00808nam a2200217 i 4500
001 - NÚMERO DE CONTROL
campo de control 70482
003 - IDENTIFICADOR DE NÚMERO DE CONTROL
campo de control ES-MaACL
005 - FECHA Y HORA DE LA ÚLTIMA TRANSACCIÓN
campo de control 20250913172219.0
007 - CAMPO FIJO DE DESCRIPCIÓN FÍSICA--INFORMACIÓN GENERAL
campo de control de longitud fija t|
008 - DATOS DE LONGITUD FIJA--INFORMACIÓN GENERAL
campo de control de longitud fija 040726s1965 sp ||||1| spa d
100 1# - ENTRADA PRINCIPAL--NOMBRE DE PERSONA
Nombre de persona García Valdecasas, Alfonso,
Fechas asociadas al nombre 1904-1993
9 (RLIN) 55354
245 10 - MENCIÓN DEL TÍTULO
Título Pregunta y verdad /
Mención de responsabilidad, etc. discurso de Alfonso García Valdecasas y García Valdecasas ; y contestación de Carlos Martínez de Campos y Serrano, duque de la Torre.
260 ## - PUBLICACIÓN, DISTRIBUCIÓN, ETC.
Lugar de publicación, distribución, etc. Madrid :
Nombre del editor, distribuidor, etc. [s.n.,
Fecha de publicación, distribución, etc. 1965] (
Fabricante Gráf. Valera)
300 ## - DESCRIPCIÓN FÍSICA
Extensión 85 p. ;
Dimensiones 21 cm.
594 ## - Nota al título y mención de responsabilidad
Nota al título y mención de responsabilidad Precede al tít.: Real Academia Española.
650 #4 - PUNTO DE ACCESO ADICIONAL DE MATERIA--TÉRMINO DE MATERIA
Término de materia o nombre geográfico como elemento de entrada Verdad.
9 (RLIN) 17765
700 1# - ENTRADA AGREGADA--NOMBRE PERSONAL
Nombre de persona Martínez de Campos y Serrano, Carlos,
Fechas asociadas al nombre 1887-1975
9 (RLIN) 77985
710 2# - ENTRADA AGREGADA--NOMBRE DE ENTIDAD CORPORATIVA
Nombre de entidad corporativa o nombre de jurisdicción como elemento de entrada Real Academia Española
9 (RLIN) 6336
852 ## - LOCALIZACIÓN
Ubicación ES-MaACL
Número de control de estantería C-27073
Holdings
Estatus retirado Estado de pérdida Estado de daño No para préstamo Biblioteca de origen Biblioteca actual Ubicación en estantería Fecha de adquisición Fuente de adquisición Total de préstamos Signatura topográfica completa Código de barras Visto por última vez Precio de reemplazo Tipo de ítem Koha
        Biblioteca del Ateneo de Madrid Biblioteca del Ateneo de Madrid Depósito 2 17/01/2008     C-27073 1073804 23/02/2023 23/02/2023 Libro impreso